LEADER 00857nam 2200325 450 001 9910153640103321 005 20230808200611.0 035 $a(CKB)3710000000960074 035 $a(MiAaPQ)EBC4749302 035 $a(EXLCZ)993710000000960074 100 $a20161209h20162016 uy 0 101 0 $aeng 135 $aurcnu|||||||| 181 $2rdacontent 182 $2rdamedia 183 $2rdacarrier 200 10$aFillets of plaice /$fGerald Durrell 210 1$aNew York, New York :$cOpen Road Integrated Media,$d2016. 210 4$d©2016 215 $a1 online resource (144 pages) 311 $a1-5040-4259-X 676 $a590.92 700 $aDurrell$b Gerald$0163665 801 0$bMiAaPQ 801 1$bMiAaPQ 801 2$bMiAaPQ 906 $aBOOK 912 $a9910153640103321 996 $aFillets of plaice$93408630 997 $aUNINA LEADER 02024cam a22003977i 4500 001 991003075149707536 005 20250430130224.0 008 950112s1749 it aef b 000 0 lat d 035 $ab1427713x-39ule_inst 035 $aCICOGNARA-2718$9ExL 040 $aBibl. Interfacoltà T. Pellegrino$bita 041 0 $alatgrcita 100 1 $aMaffei, Scipione,$cmarchese$d<1675-1755>$0135203 245 10$aMuseum veronense hoc est Antiquarum inscriptionum atque anaglyphorum collectio cui taurinensis adiungitur et vindobonensis.$bAccedunt monumenta id genus plurima nondum vulgata, et ubicumque collecta. 260 $aVeronae :$bTypis Seminarii,$c1749. 300 $a[19], xii, dxix p., [2] c. di tav. (pt. ripieg.) :$bill., piante; $cfol. (38 cm). 500 $aFront. in rosso e nero, con incisione. 500 $aFrontoni, finali. 500 $aIncisioni calcografiche. 500 $aDedicato a: Benedictus XIV. 500 $aLa formulazione dell'A. si ricava dalla dedica, a c. [a4]. 500 $aRiproduzione in microfiche dell'originale conservato presso la Biblioteca Apostolica Vaticana 546 $aTesti in latino, greco e italiano. 610 20$aMuseo maffeiano 610 24$aRegio Museo di Antichità greco-romane ed egizie (Torino) 610 20$aÖsterreichische Nationalbibliothek 650 4$aIscrizioni latine 650 4$aIscrizioni greche 787 18$iLeopoldo Cicognara Program :$tBiblioteca Cicognara$h[microform] : literary sources in the history of art and kindred subjects 787 18$tCatalogo ragionato dei libri d'arte e d'antichità / Leopoldo Cicognara 907 $a.b1427713x$b01-04-22$c28-07-16 912 $a991003075149707536 945 $aLE002 SB Raccolta Cicognara, mcrf 3123$g0$lle002$pE0.00$rn$so $t11$u0$v0$w0$x0$y.i15748364$z28-07-16 996 $aMuseum veronense hoc est Antiquarum inscriptionum atque anaglyphorum collectio cui taurinensis adiungitur et vindobonensis$91389705 997 $aUNISALENTO 998 $ale002$b28-07-16$cm$dg $e-$flat$git $h0$i1